[Event "Harrogate 4NCL op-A 21st"]
[Site "Harrogate"]
[Date "2019.01.19"]
[Round "2"]
[White "McQuillan, Stephen G"]
[Black "Sumit, Kumar1"]
[Result "0-1"]
[WhiteElo "1986"]
[BlackElo "2219"]
[PlyCount "62"]
[EventDate "2019.01.18"]
[EventType "swiss"]
[EventRounds "5"]
[EventCountry "ENG"]
[SourceTitle "CBM 188 Extra"]
[Source "ChessBase"]
[SourceDate "2019.02.28"]
[SourceVersion "1"]
[SourceVersionDate "2019.02.28"]
[SourceQuality "1"]

1. d4 Nf6 2. Bf4 d5 3. e3 c5 4. c3 Nc6 5. Nd2 cxd4 6. exd4 Bf5 7. Qb3 Qc8 8. Be2 e6 9. h3 Be7 10. g4 Bg6 11. Ngf3 h6 12. Ne5 Nxe5 13. Bxe5 0-0 14. h4 Nd7 15. Bg3 f6 16. f4 Bd6 17. 0-0-0 b5 18. f5 Bxg3 19. fxg6 Qc7 20. Rdf1 Rab8 21. Kb1 Bf4 22. Nf3 a5 23. Ne1 b4 24. Rh3 Rfc8 25. c4 dxc4 26. Bxc4 a4 27. Qf3 Qxc4 28. Qxf4 Qe2 29. Nd3 Qc2+ 30. Ka1 a3 31. Qf2 axb2+ 0-1

[Event "SCO-ch 125th"]
[Site "Paisley"]
[Date "2018.07.14"]
[Round "8"]
[White "McQuillan, Stephen G"]
[Black "Koehn, Lennart"]
[Result "1-0"]
[WhiteElo "1958"]
[BlackElo "2087"]
[PlyCount "53"]
[EventDate "2018.07.07"]
[EventType "swiss"]
[EventRounds "9"]
[EventCountry "SCO"]
[SourceTitle "CBM 185 Extra"]
[Source "ChessBase"]
[SourceDate "2018.07.29"]
[SourceVersion "1"]
[SourceVersionDate "2018.07.29"]
[SourceQuality "1"]

1. e4 c5 2. Nc3 a6 3. f4 b5 4. Nf3 Bb7 5. d3 e6 6. Qe2 b4 7. Nd1 Nf6 8. e5 Nd5 9. c4 bxc3 10. Nxc3 Be7 11. g3 0-0 12. Bg2 f6 13. 0-0 Qc7 14. Bd2 Nxc3 15. Bxc3 Nc6 16. Rac1 Qb6 17. Qe3 Nb4 18. exf6 gxf6 19. Bxb4 Qxb4 20. Rc4 Qxb2 21. f5 e5 22. Qh6 Kh8 23. Nh4 Bxg2 24. Ng6+ Kg8 25. Rg4 Bf3 26. Rxf3 Qc1+ 27. Qxc1 1-0

[Event "Ayr op"]
[Site "Ayr"]
[Date "2018.05.27"]
[Round "5"]
[White "McQuillan, Stephen G"]
[Black "Koehn, Lennart"]
[Result "0-1"]
[WhiteElo "1936"]
[BlackElo "2063"]
[PlyCount "148"]
[EventDate "2018.05.25"]
[EventType "swiss"]
[EventRounds "5"]
[EventCountry "SCO"]
[SourceTitle "CBM 184 Extra"]
[Source "ChessBase"]
[SourceDate "2018.06.28"]
[SourceVersion "1"]
[SourceVersionDate "2018.06.28"]
[SourceQuality "1"]

1. d4 Nf6 2. Bf4 d5 3. e3 c5 4. c3 Nc6 5. Bd3 Qb6 6. Qb3 c4 7. Qxb6 axb6 8. Bc2 b5 9. Ne2 b4 10. b3 b5 11. 0-0 Bg4 12. f3 Bh5 13. Nd2 e6 14. g4 Bg6 15. Bxg6 hxg6 16. e4 bxc3 17. Nxc3 Nxd4 18. Be5 Bc5 19. Kg2 0-0 20. Rfc1 Rfd8 21. b4 Bb6 22. Rab1 dxe4 23. Ndxe4 Nxe4 24. fxe4 Nc6 25. Bg3 Rd2+ 26. Kh3 Nd4 27. Rd1 Rxd1 28. Rxd1 Ra3 29. Rc1 Bd8 30. Rd1 Rxc3 31. Rxd4 Be7 32. Rd7 Bxb4 33. Rb7 Bd6 34. Rxb5 Bxg3 35. hxg3 Ra3 36. Rc5 Rxa2 37. Rxc4 g5 38. e5 Ra5 39. Re4 Kf8 40. Kg2 Ke7 41. Kf3 Kd7 42. Re3 f6 43. Rb3 Rxe5 44. Rb7+ Kd6 45. Rxg7 Re1 46. Ra7 Rc1 47. Ra3 Rc5 48. Rd3+ Rd5 49. Rc3 e5 50. Ra3 Ke6 51. Rb3 Rd6 52. Ke4 Ra6 53. Rd3 Ra4+ 54. Ke3 Rxg4 55. Kf2 Ra4 56. Rb3 g4 57. Rb6+ Kf5 58. Rc6 Ra2+ 59. Kg1 Kg5 60. Rc5 Re2 61. Kf1 Re4 62. Rc8 Re3 63. Kg2 Rf3 64. Rg8+ Kf5 65. Rg7 Rd3 66. Rg8 Rd4 67. Kf2 Ke6 68. Ra8 Rd7 69. Rg8 f5 70. Ke3 Rf7 71. Kd3 Rf6 72. Re8+ Kd6 73. Rd8+ Ke7 74. Rd5 Rd6 0-1

[Event "SCO-ch 124th"]
[Site "Dundee"]
[Date "2017.07.19"]
[Round "5"]
[White "McQuillan, Stephen G"]
[Black "Durno, Joy"]
[Result "1/2-1/2"]
[WhiteElo "1726"]
[BlackElo "1871"]
[PlyCount "131"]
[EventDate "2017.07.15"]
[EventType "swiss"]
[EventRounds "9"]
[EventCountry "SCO"]
[SourceTitle "CBM 179 Extra"]
[Source "ChessBase"]
[SourceDate "2017.08.23"]
[SourceVersion "1"]
[SourceVersionDate "2017.08.23"]
[SourceQuality "1"]

1. d4 Nf6 2. Bf4 e6 3. e3 b6 4. Nf3 Bb7 5. Nbd2 Be7 6. Bd3 d6 7. h3 c5 8. c3 Nc6 9. Qe2 Rc8 10. 0-0 0-0 11. Rad1 cxd4 12. exd4 d5 13. Ne5 Ne8 14. Ndf3 g6 15. Bh6 Ng7 16. Rfe1 Rc7 17. Qd2 Bc8 18. Ng4 a6 19. Bxg7 Kxg7 20. Qh6+ Kg8 21. h4 f5 22. Nge5 Nxe5 23. dxe5 Rf7 24. Ng5 Bxg5 25. hxg5 Qf8 26. Qh3 Qc5 27. Bc2 a5 28. Rd4 Ba6 29. f4 b5 30. Bd3 Bb7 31. Qe3 Rf8 32. Re2 Rfc8 33. Kh2 Ba6 34. g4 fxg4 35. Kg3 Qa7 36. a3 Rb8 37. Kxg4 Rcb7 38. Qh3 b4 39. axb4 Bxd3 40. Qxd3 axb4 41. c4 dxc4 42. Qxc4 Re7 43. Red2 Kf7 44. Kg3 Qa1 45. Kg2 b3 46. Rd7 Qa8+ 47. Kf2 Rb7 48. Rxe7+ Rxe7 49. Qxb3 Qh1 50. Qf3 Qh2+ 51. Ke3 Qg1+ 52. Qf2 Qc1 53. Kf3 Rb7 54. Kg2 Qb1 55. Qf3 Rxb2 56. Rxb2 Qxb2+ 57. Kg3 Qb6 58. Kg2 Qb2+ 59. Kf1 Qc1+ 60. Ke2 Qc2+ 61. Ke1 Qc1+ 62. Kf2 Qb2+ 63. Kg3 Qb6 64. Qe4 Qg1+ 65. Kf3 Qf1+ 66. Ke3 1/2-1/2